000 00756nam0a22002411 4500
001 rc\812520
005 20250622001758.0
035 _a(NLR Aleph) 005995797
090 _a7176019
_c7176019
100 _a20041129d1984 |||y0rusy50 ca
101 0 _arus
102 _aRU
105 _ay |||||||||
200 1 _aˆ...‰Перестаешь быть одиноким...
_eКомедия в 2 д.
_fОтв. ред. В. Голдобин
210 _aМ.
_cВААП-Информ
_d1984
215 _a81 л.
_d28
517 0 _aПерестаешь быть одиноким
700 1 _aСосин
_bО.Г.
_f1938-
_gОлег Генрихович
801 0 _aRU
_bNLR
_gpsbo
801 1 _aRU
_bELAR
_2rusmarc
852 _aNLR
_j85-8/1189
942 _cBOOK
980 _aNB